000 00411nam a2200205Ia 4500
001 000917
003 YMCAF
005 20230512160040.0
008 100717s1971 ||||||||||||||||| ||und|d
024 _a917
035 _a899
040 _aYMCAF
_beng
_cIN-KoLT
041 _aeng
082 _aLUC-AIM
100 _aAIMS KIN SLEY
245 0 _aLUCKY JIM
260 _c1971
300 _a250
942 _2ddc
_cBK
999 _c724
_d724